000 0218222 4a22003854504500
003 PE-LiUPU
005 20251125150715.0
008 250226s2020 sp a o 000 0 spa d
020 _a9788412030259
035 _aPE-LiUPU000009
040 _aPE-LiUPU
_bspa
_cPE-LiUPU
_erda
041 1 _aspa
_heng
082 0 4 _a363.25
_bW436a
_223
100 1 _aWeizman, Eyal,
_d1970-
_eautor.
245 1 0 _aArquitectura forense :
_bviolencia en el umbral de detectabilidad /
_cEyal Weizman ; prólogo de Marina Otero Verzier ; traducción y diseño de Antonio Giráldez López y Pablo Ibáñez Ferrera.
250 _aVersión abreviada.
264 1 _aMadrid :
_bBartlebooth,
_c2020.
300 _a239 páginas :
_bilustraciones ;
_c23 cm
336 _atexto
_2rdacontent
337 _aunmediated
_2rdamedia
338 _avolumen
_2rdacarrier
500 _aVersión abreviada de: Forensic Architecture: Violence at the Threshold of Detectability, Zone Books, 2017, y Open Verification, e-flux Architecture, 2019.
500 _aIncluye prólogo de Marina Otero Verzier.
504 _aIncluye notas bibliográficas (páginas 221-239).
505 0 _aPrólogo: Mayores resoluciones -- Introducción: En el umbral de detectabilidad -- ¿Qué es la arquitectura forense? -- Verificación abierta -- Notas.
520 _aExposición crítica del trabajo de Forensic Architecture, grupo liderado por Eyal Weizman, que emplea técnicas de análisis espacial, modelados digitales, imágenes satelitales, testimonios y reconstrucciones tridimensionales para investigar violaciones de derechos humanos, conflictos armados y violencias políticas. Analiza casos estudiados por el colectivo, así como sus metodologías de representación, verificación abierta y uso de evidencias visuales.
546 _aTexto en español, traducido del inglés.
650 1 7 _aCriminalística
_2embne
_97640
700 1 _aOtero Verzier, Marina,
_eprologuista.
700 1 _aGiráldez López, Antonio,
_etraductor.
700 1 _aIbáñez Ferrera, Pablo,
_etraductor.
710 2 _aBartlebooth,
_eeditor.
942 _2ddc
_cREF
980 _618228
_aRebeca Esther Huerta Leyton
_818226
_gJaime Vilcazán Jefe de Análisis Documental
999 _c63165
_d63164